| Tag |
First Indicator |
Second Indicator |
Subfields |
| LEADER |
00000cam a2200000 4500 |
| 001 |
in00000669113 |
| 005 |
20151015093655.0 |
| 008 |
711215r19651824kyu b 00000 eng u |
| 010 |
|
|
|a 09032216
|
| 035 |
|
|
|a (OCoLC)00183150
|
| 035 |
|
|
|9 ACY8186AM
|
| 040 |
|
|
|c YNG
|d TXA
|d UtOrBLW
|
| 049 |
|
|
|a TXAI
|
| 090 |
|
|
|a E375
|b .A22
|
| 099 |
|
|
|a fiche
|a B
|a 148
|
| 245 |
0 |
3 |
|a An address to the Republicans and people of New York, Pennsylvania, and Virginia :
|b Upon the state of presidential parties /
|c By a citizen of New York. September, 1824.
|
| 264 |
|
3 |
|a New York :
|b Printed by W. Grattan,
|c 1824.
|
| 300 |
|
|
|a 23 pages ;
|c 21 cm.
|
| 336 |
|
|
|a text
|b txt
|2 rdacontent
|
| 337 |
|
|
|a microform
|b h
|2 rdamedia
|
| 338 |
|
|
|a microfiche
|b he
|2 rdacarrier
|
| 490 |
0 |
|
|a Sabin, Joseph, 1821-1881. [Bibliotheca Americana] Selected Americana ;
|v [Microfiche ed.]
|
| 500 |
|
|
|a Microfiche. Louisville, Ky., Lost Cause Press, 1965. 2 sheets. 7.5 x 12.5 cm.
|
| 500 |
|
|
|a Microform.
|
| 650 |
|
0 |
|a Campaign literature.
|
| 700 |
0 |
|
|a A citizen of New York.
|
| 999 |
|
|
|a MARS
|
| 999 |
f |
f |
|s 9f022929-1e00-320f-ab7b-1956ea7202c8
|i b9d3ba5c-8e10-3c8f-9843-a39205b80acc
|t 0
|
| 952 |
f |
f |
|p default
|a Texas A&M University
|b College Station
|c Sterling C. Evans Library
|d Evans: Microforms (3rd floor)
|t 0
|e fiche B 148
|h Other scheme
|i microform -- microfiche
|
| 998 |
f |
f |
|a fiche B 148
|t 0
|l Evans: Microforms (3rd floor)
|